000 01034nam a2200241 a 4500
001 000035742
005 20200930074557.0
008 111109s1963 ag 000 0 spa d
040 _aDO-SdBNP
_bspa
_cBNPHU
082 _a323.198
_bF352e
100 1 _aFerguson, J. Halcro
_961687
240 1 0 _aLatin America the balance of race redressed
245 1 3 _aEl equilibrio racial en América Latina. /
_cJ. Halcro Ferguson ; traducida por el doctor Horacio Martínez ; prólogo Philip Mason.
260 _aBuenos Aires :
_bEditorial Universitaria de Buenos Aires :,
_c1963.
490 1 _aBiblioteca de América; Libros del tiempo nuevo
_v17
504 _aBibliografía : p. 125-127
590 _aPerteneció a la biblioteca personal de Juan Isidro Jimenes Grullón
651 4 _aAmérica Latina
_xRelaciones Raciales
_921231
700 1 2 _aMartínez, Horacio,
_etr.
_961171
700 1 2 _aMason, Philip,
_epról.
_961688
830 0 _aBiblioteca de América; Libros del tiempo nuevo
_v17
_961689
910 _aValidado. Control de calidad MFF
999 _c35233
_d35233